| 000 | 00390nam a22001457a 4500 | ||
|---|---|---|---|
| 020 | _qPB. | ||
| 040 | _cFIZZA ISHAQ | ||
| 082 |
_a551.48 _bHMR |
||
| 100 |
_aRAGHUNATH,M.H. _9109284 |
||
| 245 |
_aHYDROLOGY PRINCIPLES ANALYSIS DESIGN / _cH.M.RAGHUNATH. |
||
| 250 | _a2ND EDITION. | ||
| 260 |
_aNEW DELHI ; _bNEW AGE INTERNATIONAL PUBLISHER, _c2006. |
||
| 300 | _a463 P. ; | ||
| 942 |
_2ddc _cBK |
||
| 999 |
_c593382 _d593382 |
||